1206 1861 1184 1221 1221 1853 1470 1989 1837 1703 1788 1129 1462 1396 1486 1746 1782 1621 1269 1281 1808 1429 1286 1778 1757 1468 1447 1802 1356 1777 1820 1535 1129 1568 1999 1890 1982 1085 1735 1390 1345 1036 1455 1701 1037 1653 1000 1459 1344 1529 1876 1149 1737 1125 1097 1965 1373 1234 1840 1639 1413 1735 1480 1543 1220 1166 1492 1954 1550 1701 1593 1090 1667 1794 1260 1384 1725 1086 1312 1028 1702 1629 1510 1422 1660 1707 1789 1218 1121 1962 1444 1054 1464 1374 1770 1309 1597 1665 1519 BCNSPRNW ULIB Ver.6.0+V

เปลี่ยนเป็นภาษาไทย

Change to English
 แสดงรายละเอียดบรรณานุกรม
  กลับหน้าหลัก

Brief Record : Get Marc (ISO 2709) : E-mail record : QR code < ปิดหน้าต่าง
LEADER : 00000nam 2200000uu 4500
001    13399123663
003     ULIB
008    141104s2556||||th 000 0 tha d
020    ^a9789740330561
060  0 ^aWY87^bพ516ค
100 0  ^aพัชนี สมกำลัง
245 10 ^aจิตวิญญาณของผู้นำทางการพยาบาลฟลอเรนซ์ ไนติงเกล /^cพัชนี สมกำลัง
246 15 ^aSpiritual life of the leader of nursing florence nightingale
260    ^aกรุงเทพฯ:^bสำนักพิมพ์แห่งจุฬาลงกรณ์มหาวิทยาลัย,^c2556
300    ^a293 หน้า :^bภาพประกอบ
505 0  ^a--^tบทที่ 1 แนวคิดเรื่องจิตวิญญาณ--^tบทที่ 2 มิติจิตวิญญาณกับผู้นำทางการพยาบาลฟลอเรนซ์ ไนติงเกล--^tบทที่ 3 พัฒนาการทางจิตวิญญาณของฟลอเรนซ์ ไนติงเกล--^tบทที่ 4 ปฏิบัติการทางจิตวิญญาณของฟลอเรนซ์ ไนติงเกล--^tบทที่ 5 ลักษณะความผาสุกทางจิตวิญญาณของฟลอเรนซ์ ไนติงเกล
600 0  ^aไนติงเกล,ฟลอเรนซ์,^d1820 - 1920
650  7 ^aพยาบาล^xแง่ศาสนา
650  7 ^aชีวิตทางจิตวิญญาณ
650  7 ^aการบริหารการพยาบาล
945    ^p230^l0^i036606
945    ^p230^l0^i036607
945    ^p230^l0^i036608
945    ^p230^l0^i036609
945    ^p230^l0^i036610
945    ^p230^l0^i036611
945    ^p230^l0^i036612
945    ^p230^l0^i036613
945    ^p230^l0^i036614
945    ^p230^l0^i036615
999    ^aเกษร โพธิ์สุวรรณ
รายการนี้ยังไม่มีแท็ก
คุณยังไม่ได้ล็อกอิน คุณสามารถมีกิจกรรมร่วมกับเว็บไซต์ได้ แต่ต้องล็อกอินก่อน ::
  ล็อกอิน

รายการสื่อสารสนเทศ

ลำดับที่ ประเภท เลขเรียก/บาร์โค้ด สถานที่ สถานะ
1. Book การพยาบาล
หนังสือสำรอง
สถานะ=หนังสือสำรอง
WY87 พ516ค ฉ.1 
  Barcode: 036606
ห้องสมุดวิทยาเขตสวรรค์ประชารักษ์
►ส่วนจัดเก็บหนังสือเก่า สปร
บนชั้น
  ขอยืม
2. Book การพยาบาล
Book การพยาบาล
WY87 พ516ค ฉ.10 
  Barcode: 036615
ห้องสมุดวิทยาเขตสวรรค์ประชารักษ์
►ส่วนจัดเก็บหนังสือเก่า สปร
บนชั้น
  ขอยืม
3. Book การพยาบาล
Book การพยาบาล
WY87 พ516ค ฉ.2 
  Barcode: 036607
ห้องสมุดวิทยาเขตสวรรค์ประชารักษ์
►ส่วนจัดเก็บหนังสือเก่า สปร
บนชั้น
  ขอยืม
4. Book การพยาบาล
Book การพยาบาล
WY87 พ516ค ฉ.3 
  Barcode: 036608
ห้องสมุดวิทยาเขตสวรรค์ประชารักษ์
►ส่วนจัดเก็บหนังสือเก่า สปร
บนชั้น
  ขอยืม
5. Book การพยาบาล
Book การพยาบาล
WY87 พ516ค ฉ.4 
  Barcode: 036609
ห้องสมุดวิทยาเขตสวรรค์ประชารักษ์
►ส่วนจัดเก็บหนังสือเก่า สปร
บนชั้น
  ขอยืม
6. Book การพยาบาล
Book การพยาบาล
WY87 พ516ค ฉ.5 
  Barcode: 036610
ห้องสมุดวิทยาเขตสวรรค์ประชารักษ์
►ส่วนจัดเก็บหนังสือเก่า สปร
บนชั้น
  ขอยืม
7. Book การพยาบาล
Book การพยาบาล
WY87 พ516ค ฉ.6 
  Barcode: 036611
ห้องสมุดวิทยาเขตสวรรค์ประชารักษ์
►ส่วนจัดเก็บหนังสือเก่า สปร
บนชั้น
  ขอยืม
8. Book การพยาบาล
Book การพยาบาล
WY87 พ516ค ฉ.7 
  Barcode: 036612
ห้องสมุดวิทยาเขตสวรรค์ประชารักษ์
►ส่วนจัดเก็บหนังสือเก่า สปร
บนชั้น
  ขอยืม
9. Book การพยาบาล
Book การพยาบาล
WY87 พ516ค ฉ.8 
  Barcode: 036613
ห้องสมุดวิทยาเขตสวรรค์ประชารักษ์
►ส่วนจัดเก็บหนังสือเก่า สปร
บนชั้น
  ขอยืม
10. Book การพยาบาล
Book การพยาบาล
WY87 พ516ค ฉ.9 
  Barcode: 036614
ห้องสมุดวิทยาเขตสวรรค์ประชารักษ์
►ส่วนจัดเก็บหนังสือเก่า สปร
บนชั้น
  ขอยืม

รายการใกล้เคียง
    ผู้แต่ง [พัชนี สมกำลัง]

    หัวเรื่อง [ชีวิตทางจิตวิญญาณ]
    หัวเรื่อง [การบริหารการพยาบาล]

BibComment


ยังไม่เคยถูกคอมเมนท์

คอมเมนท์ทรัพยากรรายการนี้
  คอมเมนท์: จิตวิญญาณของผู้น..


 Copyright 2026. Bcnsprnw @Library